| 000 | 00707nam a22002177a 4500 | ||
|---|---|---|---|
| 005 | 20110927145755.0 | ||
| 010 | _aG-001477 | ||
| 020 |
_c200.00 _a8189863002 |
||
| 035 | 1 | d | _aG-001477 |
| 037 | _bGift | ||
| 082 | _a300 | ||
| 100 |
_aMitreau, Aumotavo _934934 |
||
| 245 |
_aScience in social science: _cby Aumitavo Mitreau _b(parts - one and two) / |
||
| 260 |
_aKolkata _bNaya Udyog _c2008 |
||
| 270 |
_a206, Bidhan Sarani, _bKolkata _e700006 |
||
| 300 |
_a236p. _c22cm(Hb) |
||
| 500 | _aIncludes index | ||
| 942 |
_2ddc _cEN _h300 _mMIT |
||
| 999 |
_c57060 _d57060 |
||